Cladistical analysis female reproductive histomorphology in phyllostomatoid bats (Registro nro. 10351)

Detalles MARC
000 -CABECERA
Campo de control 006430000a22002170004500
090 ## - CLASIFICACIÓN LOCAL
Colección AR
Consecutivo 01266
041 0# - IDIOMA
Código de idioma para texto/pista de sonido o título separado
100 1# - ASIENTO PRINCIPAL--NOMBRE PERSONAL
Nombre personal Hood, Graig S.
245 10 - MENCION DE TITULO
Título Cladistical analysis female reproductive histomorphology in phyllostomatoid bats
650 14 - ASIENTO SECUNDARIO DE MATERIA - TERMINO TEMATICO
Término temático o nombre geográfico como elemento de entrada Cladística
650 14 - ASIENTO SECUNDARIO DE MATERIA - TERMINO TEMATICO
Término temático o nombre geográfico como elemento de entrada Evolución
650 14 - ASIENTO SECUNDARIO DE MATERIA - TERMINO TEMATICO
Término temático o nombre geográfico como elemento de entrada Anatomía animal
650 14 - ASIENTO SECUNDARIO DE MATERIA - TERMINO TEMATICO
Término temático o nombre geográfico como elemento de entrada Histomorfología
650 14 - ASIENTO SECUNDARIO DE MATERIA - TERMINO TEMATICO
Término temático o nombre geográfico como elemento de entrada Murciélagos
653 ## - TERMINO DE INDIZACION - NO CONTROLADO
-- Noctilionidae
653 ## - TERMINO DE INDIZACION - NO CONTROLADO
-- Mormoopidae
653 ## - TERMINO DE INDIZACION - NO CONTROLADO
-- Phyllostomatidae
700 1# - ASIENTO SECUNDARIO - NOMBRE PERSONAL
Nombre personal Smith, James Dale
773 1# - Item fuente:
Título Systematic Zoology
Especificación de materiales 466
Descripción física 3
Paginas del Articulo 241-251
Lugar, editorial y fecha de publicación 1982
Información sobre la relación 31
942 ## - ELEMENTOS ADICIONALES (KOHA)
Tipo de ítem Artículo
Existencias
Withdrawn status Lost status Damaged status No para préstamo Colección Ubicación Permanente Ubicación actual Fecha de adquisición Fuente de Valor Datos de publicación Seriada Total Checkouts Número topográfico Inventario / Código de Barras Date last seen Ejemplar Price effective from Forma de adquisición Tipo de material
      No para Préstamo Hemeroteca Bogotá Bogotá 27/02/2015 Muñoz Saba, Yaneth Fuera de circulación   AR 01266 011601 25/03/2015 1 25/03/2015   Artículo